The Amplification and Distribution of Sound (Record no. 6190)

MARC details
000 -LEADER
fixed length control field 00524nam a2200181Ia 4500
003 - CONTROL NUMBER IDENTIFIER
control field IN-BaIIA
008 - FIXED-LENGTH DATA ELEMENTS--GENERAL INFORMATION
fixed length control field 211028s9999 xx 000 0 eng d
040 ## - CATALOGING SOURCE
Transcribing agency IIA Library
080 ## - UNIVERSAL DECIMAL CLASSIFICATION NUMBER
Universal Decimal Classification number 621.396.64
Item number GRE
100 ## - MAIN ENTRY--PERSONAL NAME
Personal name Greenlees, A. E.
9 (RLIN) 10667
245 #4 - TITLE STATEMENT
Title The Amplification and Distribution of Sound
Statement of responsibility, etc. A. E. Greenlees
250 ## - EDITION STATEMENT
Edition statement 2nd ed.
260 ## - PUBLICATION, DISTRIBUTION, ETC.
Place of publication, distribution, etc. London
Name of publisher, distributor, etc. Chapman and Hall
Date of publication, distribution, etc. 1948
300 ## - PHYSICAL DESCRIPTION
Extent x, 302p.
650 ## - SUBJECT ADDED ENTRY--TOPICAL TERM
Topical term or geographic name entry element NASA Thesaurus
650 ## - SUBJECT ADDED ENTRY--TOPICAL TERM
Topical term or geographic name entry element Sound
9 (RLIN) 4863
942 ## - ADDED ENTRY ELEMENTS (KOHA)
Koha item type Books
Holdings
Withdrawn status Lost status Damaged status Not for loan Home library Current library Shelving location Date acquired Total Checkouts Full call number Barcode Date last seen Price effective from Koha item type
        IIA Library-Bangalore IIA Library-Kavalur General Stacks 07/04/1979   621.396.64/ GRE 6903 05/11/2021 07/04/1979 Books

Powered by Koha